|
|
|
|
| LEADER |
00000naa2a2200000 4500 |
| 001 |
126486 |
| 005 |
20231031131905.0 |
| 035 |
|
|
|a (RuTPU)RU\TPU\book\136836
|
| 090 |
|
|
|a 126486
|
| 100 |
|
|
|a 20071128d2007 k y0rusy50 ca
|
| 101 |
0 |
|
|a rus
|
| 102 |
|
|
|a RU
|
| 200 |
1 |
|
|a Характеристика химического состава воды озёр Барнаульской ложбины стока Алтайского края
|f Е. А. Кразмалёва
|g науч. рук. Н. А. Ермашова
|
| 461 |
|
0 |
|0 (RuTPU)RU\TPU\book\132777
|t Проблемы геологии и освоения недр
|o труды X Международного симпозиума имени академика М. А. Усова студентов и молодых ученых, посвященного 100-летию первого выпуска сибирских инженеров и 110-летию основания ТПУ; г. Томск, 3-8 апреля 2006 г.
|f Томский политехнический университет (ТПУ); Институт геологии и нефтегазового дела; под ред. В. А. Домаренко
|d 2007
|
| 463 |
|
0 |
|0 (RuTPU)RU\TPU\book\93780
|t Т. 1
|v С. 196-198
|d 2007
|p 294 с.
|
| 610 |
1 |
|
|a воды
|
| 610 |
1 |
|
|a озёра
|
| 610 |
1 |
|
|a Барнаульская ложбина стока
|
| 610 |
1 |
|
|a химический состав
|
| 610 |
1 |
|
|a Алтайский край
|
| 610 |
1 |
|
|a труды учёных ТПУ
|
| 700 |
|
1 |
|a Кразмалёва
|b Е. А.
|
| 702 |
|
1 |
|a Ермашова
|b Н. А.
|4 727
|
| 801 |
|
1 |
|a RU
|b 63413507
|c 20071128
|g PSBO
|
| 801 |
|
2 |
|a RU
|b 63413507
|c 20100412
|g RCR
|
| 942 |
|
|
|c BK
|